[Event "Paris European Corporate 1st"]
[Site "Paris"]
[Date "2017.11.25"]
[Round "7.1"]
[White "Tkachuk, Sergij"]
[Black "Shcherbin, Matvei"]
[Result "0-1"]
[WhiteElo "2176"]
[BlackElo "2366"]
[PlyCount "56"]
[EventDate "2017.11.24"]
[EventType "team-swiss"]
[EventRounds "9"]
[EventCountry "FRA"]
[SourceTitle "CBM 181 Extra"]
[Source "ChessBase"]
[SourceDate "2017.12.12"]
[SourceVersion "1"]
[SourceVersionDate "2017.12.12"]
[SourceQuality "1"]
[WhiteTeam "OCDE"]
[BlackTeam "RZD"]
[WhiteTeamCountry "GER"]
[BlackTeamCountry "RUS"]

1. e4 c5 2. Nf3 e6 3. d4 cxd4 4. Nxd4 Bc5 5. Nb3 Bb6 6. Bd3 Ne7 7. c4 d6 8. 0-0 0-0 9. Nc3 Nbc6 10. Qe2 f5 11. exf5 Nxf5 12. Bxf5 Rxf5 13. Be3 Bxe3 14. Qxe3 Ne5 15. Nd2 Qh4 16. f4 Qxh2+ 17. Kxh2 Ng4+ 18. Kg3 Nxe3 19. Rf2 Rf8 20. Nb5 Nf5+ 21. Kh2 Bd7 22. g4 Ne3 23. Kg3 d5 24. Nd6 e5 25. f5 h5 26. gxh5 Rf6 27. Re1 Nc2 28. Rc1 Nb4 0-1

[Event "Paris European Corporate 1st"]
[Site "Paris"]
[Date "2017.11.24"]
[Round "4.2"]
[White "Battesti, Saveriu"]
[Black "Shcherbin, Matvei"]
[Result "0-1"]
[WhiteElo "2031"]
[BlackElo "2366"]
[PlyCount "94"]
[EventDate "2017.11.24"]
[EventType "team-swiss"]
[EventRounds "9"]
[EventCountry "FRA"]
[SourceTitle "CBM 181 Extra"]
[Source "ChessBase"]
[SourceDate "2017.12.12"]
[SourceVersion "1"]
[SourceVersionDate "2017.12.12"]
[SourceQuality "1"]
[WhiteTeam "Corsica Flash"]
[BlackTeam "RZD"]
[WhiteTeamCountry "FRA"]
[BlackTeamCountry "RUS"]

1. e4 c5 2. Nf3 e6 3. d4 cxd4 4. Nxd4 Bc5 5. Nb3 Bb6 6. c4 d6 7. Nc3 Ne7 8. Bg5 Nbc6 9. Nb5 Bc7 10. Nxc7+ Qxc7 11. Be2 0-0 12. 0-0 f5 13. f3 Ng6 14. Be3 Nce5 15. Rc1 Bd7 16. exf5 Rxf5 17. Nd4 Rf6 18. Bg5 Rff8 19. Be3 Nf4 20. Nb5 Bxb5 21. cxb5 Qa5 22. Bxf4 Qb6+ 23. Kh1 Rxf4 24. Qd2 Rf6 25. a4 d5 26. f4 Nf7 27. Qc3 Nd6 28. a5 Qd8 29. Qc7 Rf7 30. Qxd8+ Rxd8 31. Bg4 Re7 32. b6 axb6 33. axb6 Nc4 34. Rfe1 Rd6 35. Re2 Rxb6 36. b3 Na5 37. b4 Nc4 38. f5 e5 39. Bf3 Rb5 40. h3 Nd6 41. Rc5 e4 42. Bg4 Rxc5 43. bxc5 Nc4 44. Re1 d4 45. Rb1 d3 46. Kg1 e3 47. Kf1 Nd2+ 0-1

[Event "Pardubice op rapid 28th"]
[Site "Pardubice"]
[Date "2017.07.20"]
[Round "5"]
[White "Paravyan, David"]
[Black "Shcherbin, Matvei"]
[Result "1-0"]
[WhiteElo "2531"]
[BlackElo "2366"]
[PlyCount "83"]
[EventDate "2017.07.19"]
[EventType "swiss (rapid)"]
[EventRounds "9"]
[EventCountry "CZE"]
[SourceTitle "CBM 179 Extra"]
[Source "ChessBase"]
[SourceDate "2017.08.23"]
[SourceVersion "1"]
[SourceVersionDate "2017.08.23"]
[SourceQuality "1"]

1. Nf3 c5 2. e4 e6 3. d4 cxd4 4. Nxd4 Bc5 5. Be3 Qb6 6. Nc3 Nc6 7. Na4 Qa5+ 8. c3 Bxd4 9. Bxd4 Nxd4 10. Qxd4 Nf6 11. Nc5 0-0 12. e5 Nd5 13. Bd3 f6 14. exf6 Rxf6 15. Ne4 Rf8 16. g3 Qc7 17. 0-0 b6 18. Ng5 Nf6 19. Be4 Bb7 20. Bxb7 Qxb7 21. f4 Rac8 22. Rae1 Rc5 23. Re5 h6 24. Nf3 Ng4 25. Re2 Qa6 26. Qd1 Rd5 27. Qc2 Qxa2 28. h3 Nf6 29. Ne5 Qa5 30. b4 Qa6 31. c4 Rc8 32. Qg6 Rf8 33. b5 Rxb5 34. cxb5 Qxb5 35. Qd3 Qc5+ 36. Kg2 Nd5 37. Kh2 Rd8 38. f5 Nb4 39. Qf3 d6 40. Nf7 Kxf7 41. fxe6+ Kg8 42. e7 1-0

[Event "RUS-ch blitz"]
[Site "Sochi"]
[Date "2016.10.04"]
[Round "8.20"]
[White "Kryakvin, Dmitry"]
[Black "Shcherbin, Matvei"]
[Result "1-0"]
[WhiteElo "2554"]
[BlackElo "2366"]
[PlyCount "91"]
[EventDate "2016.10.04"]
[EventType "swiss (blitz)"]
[EventRounds "22"]
[EventCountry "RUS"]
[SourceTitle "EXT 2017"]
[Source "ChessBase"]
[SourceDate "2016.10.25"]
[SourceVersion "1"]
[SourceVersionDate "2016.10.25"]
[SourceQuality "1"]

1. Nf3 d5 2. d4 Nf6 3. c4 c6 4. Nc3 e6 5. Bg5 Be7 6. cxd5 exd5 7. Qc2 0-0 8. e3 Be6 9. Bd3 Nbd7 10. 0-0 Re8 11. Ne5 h6 12. Bf4 Nxe5 13. Bxe5 Bd6 14. f4 Ng4 15. Qe2 f5 16. Rae1 Nf6 17. Qc2 Ne4 18. Nxe4 dxe4 19. Bc4 Qd7 20. Rc1 Rac8 21. Qb3 Bxc4 22. Rxc4 Kh7 23. Bxd6 Qxd6 24. Rc5 Qd7 25. Rfc1 Rf8 26. Qa4 Rcd8 27. a3 a6 28. Re5 Qf7 29. Qb4 Rd7 30. h3 Rfd8 31. Rcc5 Rd5 32. Rcxd5 Rxd5 33. Re7 Qg6 34. Rxb7 Qg3 35. Qd2 c5 36. Qf2 Qxf2+ 37. Kxf2 cxd4 38. exd4 Rxd4 39. Ke2 Rd3 40. Rb6 Rg3 41. Kf2 Rg6 42. Rxg6 Kxg6 43. g4 fxg4 44. hxg4 h5 45. gxh5+ Kxh5 46. Ke3 1-0

[Event "RUS-ch blitz"]
[Site "Sochi"]
[Date "2016.10.04"]
[Round "12.20"]
[White "Shcherbin, Matvei"]
[Black "Matinian, Nikita"]
[Result "0-1"]
[WhiteElo "2366"]
[BlackElo "2495"]
[PlyCount "48"]
[EventDate "2016.10.04"]
[EventType "swiss (blitz)"]
[EventRounds "22"]
[EventCountry "RUS"]
[SourceTitle "EXT 2017"]
[Source "ChessBase"]
[SourceDate "2016.10.25"]
[SourceVersion "1"]
[SourceVersionDate "2016.10.25"]
[SourceQuality "1"]

1. e4 e5 2. Nf3 Nc6 3. d4 exd4 4. Nxd4 Bc5 5. Nb3 Bb6 6. a4 a6 7. Nc3 Nge7 8. Bg5 f6 9. Bf4 0-0 10. Be2 f5 11. Bg3 fxe4 12. Nxe4 d5 13. Nec5 Nf5 14. 0-0 Nxg3 15. hxg3 Qd6 16. Nd3 Qxg3 17. Bf3 Qd6 18. a5 Ba7 19. Qd2 Rxf3 20. gxf3 Qg3+ 21. Kh1 Qxf3+ 22. Kh2 Qh5+ 23. Kg3 Qh3+ 24. Kf4 Qg4# 0-1

[Event "RUS-ch rapid"]
[Site "Sochi"]
[Date "2016.10.03"]
[Round "10"]
[White "Vitiugov, Nikita"]
[Black "Shcherbin, Matvei"]
[Result "1-0"]
[WhiteElo "2721"]
[BlackElo "2366"]
[PlyCount "79"]
[EventDate "2016.10.02"]
[EventType "swiss (rapid)"]
[EventRounds "10"]
[EventCountry "RUS"]
[SourceTitle "CBM 174 Extra"]
[Source "ChessBase"]
[SourceDate "2016.10.10"]
[SourceVersion "1"]
[SourceVersionDate "2016.10.10"]
[SourceQuality "1"]

1. e4 c5 2. Nf3 e6 3. d4 cxd4 4. Nxd4 Bc5 5. Nc3 Qb6 6. Na4 Qa5+ 7. c3 Bxd4 8. Qxd4 Nf6 9. Nc5 Nc6 10. Qd6 b6 11. Nb3 Qe5 12. Qxe5 Nxe5 13. f3 d5 14. exd5 Nxd5 15. Bd2 Bb7 16. c4 Nf6 17. Bc3 Ng6 18. h4 h5 19. Kf2 0-0-0 20. a4 Nf4 21. a5 Rhg8 22. axb6 axb6 23. Ke3 Ng6 24. Bd4 Kc7 25. c5 bxc5 26. Bxc5 e5 27. Bc4 Nd5+ 28. Kf2 Ngf4 29. Rhc1 Ra8 30. Ba7 Kd6 31. Nc5 Bc6 32. Ne4+ Ke7 33. Bc5+ Kd7 34. g3 Ne6 35. Rxa8 Rxa8 36. Rd1 Nxc5 37. Nxc5+ Kc7 38. Bxd5 Bxd5 39. Rxd5 Ra5 40. Ne6+ 1-0

[Event "RUS-ch rapid"]
[Site "Sochi"]
[Date "2016.10.02"]
[Round "4"]
[White "Grachev, Boris V"]
[Black "Shcherbin, Matvei"]
[Result "1/2-1/2"]
[WhiteElo "2628"]
[BlackElo "2366"]
[PlyCount "162"]
[EventDate "2016.10.02"]
[EventType "swiss (rapid)"]
[EventRounds "10"]
[EventCountry "RUS"]
[SourceTitle "CBM 174 Extra"]
[Source "ChessBase"]
[SourceDate "2016.10.10"]
[SourceVersion "1"]
[SourceVersionDate "2016.10.10"]
[SourceQuality "1"]

1. d4 Nf6 2. Nf3 g6 3. Bf4 Bg7 4. e3 d5 5. c4 c6 6. Nc3 0-0 7. Rc1 Bf5 8. Be2 Nbd7 9. cxd5 cxd5 10. 0-0 a6 11. Qb3 Qb6 12. Qa3 Rfc8 13. Ne5 Bf8 14. Na4 Qa5 15. b4 e6 16. Nxd7 Nxd7 17. g4 Be4 18. f3 Bxb4 19. Qb3 g5 20. Bxg5 Bg6 21. a3 Bf8 22. Qxb7 Rxc1 23. Rxc1 Qd2 24. Qxa8 Qxc1+ 25. Kf2 Qxa3 26. Qxa6 Qd6 27. Qxd6 Bxd6 28. Bb5 Nf8 29. h4 h5 30. Nc5 Nh7 31. Bd8 Kf8 32. Nd7+ Kg7 33. Ne5 hxg4 34. fxg4 Nf6 35. Nxg6 fxg6 36. Kf3 Kf7 37. Bd3 Ng8 38. h5 gxh5 39. gxh5 Be7 40. Bc7 Bg5 41. Bg6+ Ke7 42. Ba5 Nh6 43. Bb4+ Kf6 44. e4 dxe4+ 45. Kxe4 Ng4 46. Bc3 Ke7 47. Bb4+ Kf6 48. Bc3 Ke7 49. Kf3 Nh6 50. Ba5 Bc1 51. Ke4 Bg5 52. Kf3 Bc1 53. Bc7 Bg5 54. Be5 Bc1 55. Bg7 Bg5 56. Ke4 Bc1 57. Kd3 Ng4 58. Kc4 Bh6 59. Bh8 Bg5 60. Bg7 Bh6 61. Bxh6 Nxh6 62. Kd3 Kf6 63. Ke4 Ng8 64. Kf4 Nh6 65. Ke4 Ng8 66. Kd3 Nh6 67. Kc4 Ke7 68. Kc5 Ng8 69. Kc6 Nh6 70. Be4 Ng4 71. Bg2 Nh6 72. Bh3 Nf7 73. Kc5 Nh6 74. Kc4 Nf7 75. Kd3 Nh6 76. Ke4 Kf6 77. Bf1 Nf5 78. Be2 Ng3+ 79. Kd3 Nxe2 80. Kxe2 Kg5 81. d5 exd5 1/2-1/2